Everything is nice (Record no. 9970)

MARC details
000 -LEADER
campo de control de longitud fija 00763nam a2200241 i 4500
001 - NÚMERO DE CONTROL
campo de control 9970
003 - IDENTIFICADOR DE NÚMERO DE CONTROL
campo de control ES-MaACL
005 - FECHA Y HORA DE LA ÚLTIMA TRANSACCIÓN
campo de control 20230906145808.0
007 - CAMPO FIJO DE DESCRIPCIÓN FÍSICA--INFORMACIÓN GENERAL
campo de control de longitud fija t|
008 - DATOS DE LONGITUD FIJA--INFORMACIÓN GENERAL
campo de control de longitud fija 940622s1993 xxk ||||1| eng d
020 ## - NÚMERO INTERNACIONAL ESTÁNDAR DEL LIBRO
Número Internacional Estándar del Libro 1-85381-052-5
080 ## - NÚMERO DE LA CLASIFICACIÓN DECIMAL UNIVERSAL
Número de la Clasificación Decimal Universal 82.0(73)-32"19"
080 ## - NÚMERO DE LA CLASIFICACIÓN DECIMAL UNIVERSAL
Número de la Clasificación Decimal Universal 82.0(73)(Bowles,J.3.01)
100 1# - ENTRADA PRINCIPAL--NOMBRE DE PERSONA
Nombre de persona Bowles, Jane.
9 (RLIN) 31143
245 10 - MENCIÓN DEL TÍTULO
Título Everything is nice
Resto del título : the collected stories /
Mención de responsabilidad, etc. Jane Bowles ; with a new introduction by Paul Bowles.
260 ## - PUBLICACIÓN, DISTRIBUCIÓN, ETC.
Lugar de publicación, distribución, etc. London :
Nombre del editor, distribuidor, etc. Virago,
Fecha de publicación, distribución, etc. cop. 1989 (
Fecha de fabricación/manufactura 1993 repr.)
300 ## - DESCRIPCIÓN FÍSICA
Extensión [10], 237 p. ;
Dimensiones 20 cm.
490 1# - MENCIÓN DE SERIE
Mención de serie Virago modern classics ;
Designación de volumen o secuencia 328
700 1# - ENTRADA AGREGADA--NOMBRE PERSONAL
Nombre de persona Bowles, Paul.
9 (RLIN) 31146
830 0# - PUNTO DE ACCESO ADICIONAL DE SERIE-TÍTULO UNIFORME
Título uniforme Virago modern classics ;
Designación de volumen o secuencia 328
9 (RLIN) 228087
852 ## - LOCALIZACIÓN
Ubicación ES-MaACL
Número de control de estantería L-17517
Sublocalización o colección R.122241
Holdings
Estatus retirado Estado de pérdida Estado de daño No para préstamo Biblioteca de origen Biblioteca actual Ubicación en estantería Fecha de adquisición Fuente de adquisición Total de préstamos Signatura topográfica completa Código de barras Visto por última vez Precio de reemplazo Tipo de ítem Koha
        Biblioteca del Ateneo de Madrid Biblioteca del Ateneo de Madrid Depósito 2 17/01/2008     L-17517 1010177 23/02/2023 23/02/2023 Libro impreso